00866 2200325 4500001002100000005001500021035002000036007000300056008004100059100001500100245005100115250001000166300002200176020002200198082000800220084001400228090002100242260003200263600001000295850001000305990002500315990002500340990002500365990002500390990002500415990002500440990002500465990002500490990002500515INLIS00000000000255120260601023535 a0010-0220000402ta260601 0 0 aKiki Laisa1 aKompilasi Tembang Kenangan Dunia /cKiki Laisa acet.1 a144 hlm. ;c29 cm a979-0-801869-60-9 a780 a780 KIK k a371.1 ADJ c 26-3 aYogyakarta :bYanita,c2018 4aMusik aPUPAD a32.562/APBD/DPK/2019 a32.563/APBD/DPK/2019 a32.564/APBD/DPK/2019 a32.563/APBD/DPK/2019 a32.562/APBD/DPK/2019 a32.564/APBD/DPK/2019 a32.563/APBD/DPK/2019 a32.562/APBD/DPK/2019 a32.564/APBD/DPK/2019